Personnalité de la Grèce Antique... ou Terme médical? - Statistiques

Statistiques générales
  • Ce quiz a été pris 307 fois
  • Le résultat moyen est 16 sur 20
Statistiques - réponses
Question Réponse % Correct
Bronchite Terme médical
100%
Dysplasie Terme médical
100%
Empédocle Ancien(ne) Grec(que)
97%
Anxiogène Terme médical
97%
Syphilis Terme médical
94%
Ménélas Ancien(ne) Grec(que)
91%
Hermocrate Ancien(ne) Grec(que)
89%
Cholédoque Terme médical
86%
Hipparchia Ancien(ne) Grec(que)
80%
Lysimaque Ancien(ne) Grec(que)
80%
Thucydide Ancien(ne) Grec(que)
77%
Furosémide Terme médical
77%
Ictère Terme médical
74%
Diogène Ancien(ne) Grec(que)
71%
Énésidème Ancien(ne) Grec(que)
69%
Méléna Terme médical
66%
Allodynie Terme médical
63%
Hypopnée Terme médical
63%
Calirrhoé Ancien(ne) Grec(que)
60%
Jambule Ancien(ne) Grec(que)
31%
Aucun quiz correspondant
Distribution des résultats
% des personnes avec chaque résultat
Percentile par nombre de réponses
Votre historique - résultats
Vous n’avez pas pris ce quiz